000 01040nam a2200229 i 4500
001 165184
003 ES-MaACL
005 20230906213100.0
008 050817s1850 xxk | |||||||| ||eng d
040 _aCAM
_bspa
_cCAM
100 1 _aSenior, Nassau William.
_9132648
245 1 0 _aPolitical economy /
_c[by Nassau William Senior].
250 _a2ª ed. rev.
260 _aLondon :
_bpublished by John Joseph Griffin & co. ;
_aGlasgow :
_bRichard Griffin & co.,
_c1850 (
_eGlasgow :
_fPrinted by Bell and Bain)
300 _aVIII, 231 p. ;
_c19 cm.
490 1 _aEncyclopaedia metropolitana or System of Universal Knowledge. First Division, Pure Scieces
594 _aEl autor consta en portadilla en pag. III.
650 4 _aPolítica económica.
_916293
830 0 _aEncyclopaedia metropolitana or System of Universal Knowledge. First Division, Pure Scieces
_9222442
852 _aES-MaACL
_jC-3868
_z-- Enc. editorial en tela
_z-- Precede a la port. 15 p. de publicidad de la Encyclopedia metropolitana
999 _c165184
_d165184